000 00903nam a2200193 i 4500
001 162763
003 ES-MaACL
005 20230906212610.0
008 990205s1862 sp |||| | spa d
100 1 _aPujals de la Bastida, Vicente.
_9176379
245 1 0 _aSistema métrico perfecto o docial, y demostración de sus inmensas ventajas sobre el decimal y sobre todo otro sistema de medidas, pesos y monedas /
_cpor Vicente Puyals de la Bastida.
260 _aMadrid :
_b[s.n.],
_c1862 (
_fImp. de la Esperanza, a cargo de Antonio Pérez Dubrull)
300 _a38 p. ;
_c21 cm.
530 _aDisponible en formato digital.
650 _aSistema métrico.
_9150805
650 4 _aMedición.
_9146361
852 4 _aES-MaACL
_jT-81-F-20
_z- Enc. hol., falto de cub. original
_z- Enc. en un vol. facticio
856 4 _uhttp://bdh-rd.bne.es/viewer.vm?id=0000040532&page=1
_zBiblioteca Digital Hispánica
999 _c162763
_d162763